Welcome to CU Library Online Public Access Catalogue (OPAC)

The law of real property / (Record no. 3454)

MARC details
000 -LEADER
fixed length control field 01133cam a2200253 i 4500
001 - CONTROL NUMBER
control field 17337483
005 - DATE AND TIME OF LATEST TRANSACTION
control field 20250205161149.0
008 - FIXED-LENGTH DATA ELEMENTS--GENERAL INFORMATION
fixed length control field 120608s2012 enk b 001 0 eng
020 ## - INTERNATIONAL STANDARD BOOK NUMBER
International Standard Book Number 9780414045965 (hardback)
020 ## - INTERNATIONAL STANDARD BOOK NUMBER
International Standard Book Number 9780414023291 (paperback)
050 00 - LIBRARY OF CONGRESS CALL NUMBER
Classification number KD829
Item number .M4 2012
100 1# - MAIN ENTRY--PERSONAL NAME
Personal name Megarry, Robert,
Dates associated with a name 1910-2006.
245 14 - TITLE STATEMENT
Title The law of real property /
Statement of responsibility, etc. by the Rt. Hon. Sir Robert Megarry, M.A., LL.D. (Cantab.), Hon. LL.D. (Hull, Nottingham, the Law Society of Upper Canada, and London), Hon. D.U. (Essex), F.B.A. and Sir William Wade, Q.C., M.A., LL.D., Hon. Litt.D. (Cantab.), F.B.A.
250 ## - EDITION STATEMENT
Edition statement Eighth edition /
Remainder of edition statement by Charles Harpum, LL.D. (Cantab.), Stuart Bridge, M.A. (Cantab.) and Martin Dixon, M.A. (Oxon), Ph. D. (Cantab.).
260 ## - PUBLICATION, DISTRIBUTION, ETC.
Place of publication, distribution, etc. London :
Name of publisher, distributor, etc. Sweet & Maxwell,
Date of publication, distribution, etc. C2012.
300 ## - PHYSICAL DESCRIPTION
Extent cclxxxv, 1668 pages ;
Dimensions 24 cm
500 ## - GENERAL NOTE
General note At head of cover title: Megarry & Wade.<br/>Includes index
650 #0 - SUBJECT ADDED ENTRY--TOPICAL TERM
Topical term or geographic name entry element Real property
Geographic subdivision England.
700 1# - ADDED ENTRY--PERSONAL NAME
Personal name Wade, William,
Dates associated with a name 1918-2004.
700 1# - ADDED ENTRY--PERSONAL NAME
Personal name Harpum, Charles.
700 1# - ADDED ENTRY--PERSONAL NAME
Personal name Bridge, Stuart.
700 1# - ADDED ENTRY--PERSONAL NAME
Personal name Dixon, Martin
Fuller form of name (Martin J.)
942 ## - ADDED ENTRY ELEMENTS (KOHA)
Source of classification or shelving scheme Library of Congress Classification
Koha item type Books
Edition 8th
Suppress in OPAC No
999 ## -
-- 3454
-- 3454
Holdings
Withdrawn status Lost status Source of classification or shelving scheme Damaged status Not for loan Collection Home library Current library Shelving location Date acquired Total checkouts Full call number Barcode Date last seen Price effective from Koha item type
    Library of Congress Classification     Non-fiction Law Library (Kumasi) Law Library (Kumasi) General stacks 02/05/2025   KD 829.H37 HAR llk00000055 02/05/2025 02/05/2025 Books
© 2023-2024 Copyright: Central University Libraries. All Rights Reserved | Created by: Mahone Tech Office